Normal view
MARC view
Entry Personal Name
001 - CONTROL NUMBER
- control field: 55146
003 - CONTROL NUMBER IDENTIFIER
- control field: dpl
005 - DATE AND TIME OF LATEST TRANSACTION
- control field: 20130218150733.0
008 - FIXED-LENGTH DATA ELEMENTS
- fixed length control field: 130218|||a|||||| | ||| d
040 ## - CATALOGING SOURCE
- Original cataloging agency: dpl
- Transcribing agency: dpl
100 ## - HEADING--PERSONAL NAME
- Personal name: Atrey, Pankaj
670 ## - SOURCE DATA FOUND
- Source citation: Work cat.: (dpl): 55100 Poonia, Meenakshi, Sports journalism /, 2011
670 ## - SOURCE DATA FOUND
- Source citation: Work cat.: (dpl): 55100 Poonia, Meenakshi, Sports journalism /, 2011
